[Event "FRA-chT3 Gr01 0607"]
[Site "France"]
[Date "2007.01.21"]
[Round "5.6"]
[White "Esposito, Mathieu"]
[Black "Nakache, Elie"]
[Result "0-1"]
[WhiteElo "1961"]
[BlackElo "1873"]
[PlyCount "122"]
[EventDate "2006.10.15"]
[EventType "team"]
[EventRounds "9"]
[EventCountry "FRA"]
[SourceTitle "EXT 2008"]
[Source "ChessBase"]
[SourceDate "2007.11.25"]
[SourceVersion "1"]
[SourceVersionDate "2007.11.25"]
[SourceQuality "1"]

1. e4 e5 2. Nf3 Nc6 3. Bb5 a6 4. Ba4 Nf6 5. 0-0 b5 6. Bb3 Be7 7. Re1 d6 8. c3 Bg4 9. h3 Bh5 10. d3 0-0 11. g4 Bg6 12. Nbd2 h5 13. g5 Nh7 14. Nh4 Kh8 15. Nxg6+ fxg6 16. h4 Qd7 17. Kg2 Rf4 18. Rh1 Raf8 19. f3 Bxg5 20. Qf1 Bxh4 21. Bd1 Qe7 22. Qg1 Ng5 23. Qe3 Qf6 24. Rf1 Ne6 25. Rg1 Bg5 26. Qf2 Rh4 27. Kf1 Nf4 28. Qg3 Bh6 29. Be2 Rh3 30. Qf2 Nxe2 31. Kxe2 Bxd2 32. Bxd2 Rxf3 33. Qe1 Rf2+ 34. Kd1 Rf1 35. Rxf1 Qxf1 36. Kc2 Qxe1 37. Rxe1 Rf2 38. Rg1 Kh7 39. Kd1 Rh2 40. Ke1 h4 41. Bc1 h3 42. Rg4 Rh1+ 43. Kd2 Kh6 44. Kc2+ g5 45. Bxg5+ Kh5 46. Rg3 h2 47. Bd2 Rc1+ 48. Bxc1 h1Q 49. Rg5+ Kh4 50. Rxg7 Qh2+ 51. Bd2 Qf2 52. Rxc7 Qb6 53. Rh7+ Kg4 54. Rg7+ Kh5 55. Rh7+ Kg6 56. Rh6+ Kg7 57. Rh5 b4 58. Rg5+ Kf7 59. Rh5 bxc3 60. bxc3 Qa5 61. Rh7+ Kg8 0-1

[Event "Marseille op 3rd"]
[Site "Marseille"]
[Date "2004.12.??"]
[Round "5"]
[White "Petrossian, Armen"]
[Black "Esposito, Mathieu"]
[Result "1-0"]
[WhiteElo "2332"]
[BlackElo "1980"]
[PlyCount "54"]
[EventDate "2004.12.27"]
[EventType "swiss"]
[EventRounds "7"]
[EventCountry "FRA"]
[SourceTitle "CBM 104 Extra"]
[Source "ChessBase"]
[SourceDate "2005.03.01"]
[SourceVersion "1"]
[SourceVersionDate "2005.03.01"]
[SourceQuality "1"]

1. e4 d6 2. d4 Nf6 3. Nc3 Nbd7 4. Nf3 e5 5. Bc4 Be7 6. 0-0 0-0 7. h3 c6 8. a4 Qc7 9. Qe2 b6 10. Rd1 Bb7 11. dxe5 dxe5 12. Nh4 Rfe8 13. Nf5 Bf8 14. Qf3 Nc5 15. Bg5 Ne6 16. Bxf6 gxf6 17. Qg4+ Kh8 18. Rd3 Bc5 19. Qh5 Be7 20. Rad1 Rad8 21. Nh6 Rf8 22. Nxf7+ Rxf7 23. Bxe6 Rg7 24. Rd7 Rxd7 25. Rxd7 Qb8 26. Ne2 c5 27. Ng3 Bc6 1-0

[Event "France-ch U14"]
[Site "Reims"]
[Date "2004.04.21"]
[Round "5"]
[White "Esposito, Mathieu"]
[Black "Paul, Jean Bernard"]
[Result "1/2-1/2"]
[WhiteElo "2050"]
[BlackElo "1780"]
[PlyCount "96"]
[EventDate "2004.04.??"]
[EventType "swiss"]
[EventRounds "9"]
[EventCountry "FRA"]
[SourceTitle "EXT 2005"]
[Source "ChessBase"]
[SourceDate "2004.11.15"]
[SourceVersion "1"]
[SourceVersionDate "2004.11.15"]
[SourceQuality "1"]

1. e4 e6 2. d4 d5 3. Nd2 Nf6 4. e5 Nfd7 5. f4 c5 6. c3 Nc6 7. Ndf3 cxd4 8. Nxd4 Bc5 9. Ngf3 0-0 10. Bd3 h6 11. 0-0 Qb6 12. Kh1 Kh8 13. Bc2 Nxd4 14. Nxd4 Bxd4 15. cxd4 f5 16. Rg1 Qd8 17. Qh5 Qe8 18. Qh3 Nb6 19. g4 Qf7 20. gxf5 exf5 21. Bd1 Be6 22. Bh5 Qd7 23. Qg3 Rac8 24. b3 Rg8 25. Ba3 Bf7 26. Be2 Qe6 27. Rac1 Rxc1 28. Rxc1 Rc8 29. Qe3 Rxc1+ 30. Qxc1 Qc6 31. Qc5 Qxc5 32. Bxc5 Nc8 33. Bb5 Be6 34. Kg2 g5 35. Kg3 Kg7 36. Be8 g4 37. Kh4 b6 38. Ba3 a6 39. Kh5 a5 40. b4 Bf7+ 41. Bxf7 Kxf7 42. Kxh6 a4 43. Kg5 Ke6 44. Bc1 Na7 45. a3 Nc6 46. Be3 Na7 47. Bc1 Nb5 48. Bb2 Na7 1/2-1/2

[Event "Marseille op"]
[Site "Marseille"]
[Date "2003.12.28"]
[Round "4"]
[White "Esposito, Mathieu"]
[Black "Milon, Cyril"]
[Result "1-0"]
[WhiteElo "1790"]
[BlackElo "2087"]
[PlyCount "117"]
[EventDate "2003.12.26"]
[EventType "swiss"]
[EventRounds "9"]
[EventCountry "FRA"]
[SourceTitle "CBM 097 Extra"]
[Source "ChessBase"]
[SourceDate "2004.01.13"]
[SourceVersion "1"]
[SourceVersionDate "2004.01.13"]
[SourceQuality "1"]

1. e4 c5 2. Nf3 Nc6 3. Bb5 Nd4 4. Nxd4 cxd4 5. 0-0 Qb6 6. Bc4 g6 7. d3 Bg7 8. Bb3 e6 9. f4 Ne7 10. Nd2 Qc7 11. Nf3 d6 12. Bd2 Bd7 13. Qe1 0-0 14. Qf2 Nc6 15. Kh1 Rae8 16. Qh4 Qd8 17. Qf2 h6 18. g4 Kh7 19. Rg1 Bc8 20. Rg3 f5 21. gxf5 exf5 22. exf5 Bxf5 23. Rag1 Qe7 24. Re1 Qf6 25. Bd5 Be6 26. Be4 Bf5 27. Qg2 Bxe4 28. dxe4 Re7 29. Rg4 g5 30. f5 Ne5 31. Nxe5 Rxe5 32. Qh3 Kg8 33. Qb3+ Qf7 34. Qxf7+ Rxf7 35. Bb4 Bf8 36. Rd1 a5 37. Be1 Rc7 38. c3 Rb5 39. Rg2 dxc3 40. Bxc3 Kf7 41. Rgd2 a4 42. Rd3 Re7 43. f6 Re8 44. Kg2 Rbe5 45. a3 Ke6 46. Kf3 h5 47. Kg3 Bh6 48. h3 Bf8 49. Rf3 Kf7 50. Rfd3 b5 51. Kf3 R5e6 52. Rd5 b4 53. Bxb4 Rc8 54. Rxg5 Kxf6 55. Rxh5 Kg6 56. Rf5 Bh6 57. Rg1+ Kh7 58. Bc3 Rxc3+ 59. bxc3 1-0

[Event "FRA-ch U12"]
[Site "Hyeres"]
[Date "2002.??.??"]
[Round "4.8"]
[White "Milandre, Olivier"]
[Black "Esposito, Mathieu"]
[Result "1/2-1/2"]
[WhiteElo "1950"]
[BlackElo "1620"]
[PlyCount "69"]
[EventDate "2002.04.05"]
[EventType "swiss"]
[EventRounds "9"]
[EventCountry "FRA"]
[SourceTitle "EXT 2003"]
[Source "ChessBase"]
[SourceDate "2002.11.25"]
[SourceVersion "1"]
[SourceVersionDate "2002.11.25"]
[SourceQuality "1"]

1. e4 e5 2. Nf3 Nc6 3. Bb5 a6 4. Ba4 b5 5. Bb3 Bc5 6. 0-0 Nf6 7. d3 h6 8. h3 Bb7 9. Re1 0-0 10. Nbd2 Re8 11. Nf1 Na5 12. Be3 Nxb3 13. axb3 Bf8 14. Ng3 g6 15. Bd2 c5 16. Bc3 d6 17. Ra2 Bg7 18. Ra1 b4 19. Bd2 Qc7 20. Be3 Rad8 21. Qd2 Kh7 22. Rab1 d5 23. exd5 Bxd5 24. Qe2 e4 25. dxe4 Nxe4 26. Nxe4 Bxe4 27. Qc4 Bxf3 28. gxf3 Qc6 29. Kg2 a5 30. Qxc5 Qxc5 31. Bxc5 Rxe1 32. Rxe1 Bxb2 33. Re2 Kg7 34. Kg3 Rd5 35. Bb6 1/2-1/2